Modulárny systém sedenia
Enregistré dans:
| Auteur principal: | |
|---|---|
| Autres auteurs: | |
| Format: | Manuscrit Livre |
| Langue: | slovaque |
| Publié: |
Bratislava
2016
|
| Sujets: | |
| Accès en ligne: | http://is.stuba.sk/zp/portal_zp.pl?podrobnosti=133718 |
| Tags: |
Pas de tags, Soyez le premier à ajouter un tag!
|
MARC
| LEADER | 00000ntm a22000003a 4500 | ||
|---|---|---|---|
| 001 | stuzp59363 | ||
| 003 | SK-STU | ||
| 005 | 20210222091331.0 | ||
| 007 | ta | ||
| 008 | 150427s2015----xo-----f-mn---000-0-slo-d | ||
| 040 | |a STU |b slo | ||
| 041 | 0 | |a slo | |
| 100 | 1 | |a Urbán, Norbert |u 059190 |4 aut |U FAD Fakulta architektúry |T FA Ústav dizajnu |X 70324 |U A9190 |Y 400 |7 70324 | |
| 242 | 0 | 1 | |a Modular seating system |y eng |
| 245 | 1 | 0 | |a Modulárny systém sedenia |
| 260 | |c 2016 |a Bratislava | ||
| 650 | 4 | |a Komfort |2 slo | |
| 650 | 4 | |a Súkromie |2 slo | |
| 650 | 4 | |a Ergonómia |2 slo | |
| 650 | 4 | |a Modularita |2 slo | |
| 650 | 4 | |a Sedací systém |2 slo | |
| 650 | 4 | |a Comfort |2 eng | |
| 650 | 4 | |a Seating system |2 eng | |
| 650 | 4 | |a Privacy |2 eng | |
| 650 | 4 | |a Ergonomics |2 eng | |
| 650 | 4 | |a Modularity |2 eng | |
| 700 | 1 | |a Nagy, Tomáš |u 059190 |k Z1 |4 ths |U FAD Fakulta architektúry |T FA Ústav dizajnu |X 38275 |U A9190 |Y 400 |7 A000038275 | |
| 856 | 4 | |u http://is.stuba.sk/zp/portal_zp.pl?podrobnosti=133718 |u https://opac.crzp.sk/?fn=detailBiblioForm&sid=432D5F57058EEAA051932F61F036 | |
| SQL | |a stuzp59363 |b DBP |c SLO |d Modulárny systém sedenia |e 70324 |f Urbán, Norbert |g 059190 |h 38275 |i Nagy, Tomáš |j 20160610 |k 1466 |l 05 |m http://is.stuba.sk/zp/portal_zp.pl?podrobnosti=133718 |n B-D |o 2.2.6. dizajn | ||